Die Außenpolitik der Tschechoslowakei und die Entwicklung der internationalen Beziehungen 1946 - 1947 / (Titelsatznr. 37569)
[ MARC ]
| 000 -Satzkennung | |
|---|---|
| Kontrollfeld mit fester Länge | 01098nam a22003251c 4500 |
| 001 - Kontrollnummer | |
| Kontrollfeld | 365060089 |
| 008 - Feld mit fester Länge zur physischen Beschreibung - Allgemeine Angaben | |
| Kontrollfeld mit fester Länge | 080605s2003 gw |||| 000u ger d |
| 020 ## - Internationale Standardbuchnummer | |
| Internationale Standardbuchnummer | 3486566172 |
| Verknüpfung | 3-486-56617-2 |
| 041 ## - Sprachcode | |
| Sprachcode des Textes/der Tonspur oder des separaten Titels | ger |
| 040 ## - Katalogisierungsquelle | |
| Übertragungsstelle | RU-10907106 |
| 003 - Kontrollnummer Identifier | |
| Kontrollfeld | RU-10907106 |
| 100 1# - Haupteintragung - Personenname | |
| Personenname | Alte, Rüdiger |
| 245 04 - Titel | |
| Titel | Die Außenpolitik der Tschechoslowakei und die Entwicklung der internationalen Beziehungen 1946 - 1947 / |
| Verfasserangabe etc. | von Rüdiger Alte |
| 246 14 - Titelvarianten | |
| Hauptsachtitel/Kurztitel | Die Außenpolitik der Tschechoslowakei 1946/1947 |
| 264 ## - Produktion, Veröffentlichung, Distribution, Herstellung und Urheberrechtsvermerk | |
| Herstellungs-, Veröffentlichungs- Vertriebs-, Erzeugungsort | München : |
| Produzent, Herausgeber, Distributor, Hersteller | Oldenbourg, |
| Datum der Herstellung, der Veröffentlichung, des Vertriebs oder des Urheberschutzvermerks | 2003 |
| 300 ## - Physische Beschreibung | |
| Umfang | VIII, 577 S. |
| 336 ## - Inhaltstyp | |
| Inhaltstypterm | Text |
| Inhaltstypcode | txt |
| Quelle | rdacontent |
| 337 ## - Medientyp | |
| Bezeichnung des Medientyps | Computermedien |
| Medientypcode | c |
| Quelle | rdamedia |
| 338 ## - Datenträgertyp | |
| Datenträgertypbezeichnung | Online-Ressource |
| Datenträgertypcode | cr |
| Quelle | rdacarrier |
| 490 #0 - Gesamttitelangabe | |
| Gesamttitelangabe | Veröffentlichungen des Collegium Carolinum |
| Bandnummer/Folgebezeichnung | 96 |
| 500 ## - Allgemeine Fußnote | |
| Allgemeine Fußnote | frei im Netz zugänglich |
| 502 ## - Dissertationsvermerk | |
| Dissertationsvermerk | Zugl.: Marburg, Univ., Diss., 1998 |
| 651 #0 - Nebeneintragung unter einem Schlagwort - Geografischer Name | |
| Geografischer Name | Tschechoslowakei |
| 651 #0 - Nebeneintragung unter einem Schlagwort - Geografischer Name | |
| Geografischer Name | Osteuropa |
| 651 #0 - Nebeneintragung unter einem Schlagwort - Geografischer Name | |
| Geografischer Name | Ostblock |
| 651 #0 - Nebeneintragung unter einem Schlagwort - Geografischer Name | |
| Geografischer Name | Sowjetunion |
| 655 #0 - Indexierungsterm - Genre/Form | |
| Genre/Form oder fokussierter Term | Hochschulschrift |
| 856 4# - Elektronische Adresse und Zugriff | |
| URL | <a href="http://nbn-resolving.de/urn/resolver.pl?urn=urn:nbn:de:bvb:12-bsb00092908-4">http://nbn-resolving.de/urn/resolver.pl?urn=urn:nbn:de:bvb:12-bsb00092908-4</a> |
| 942 ## - Zusätzliche Felder (Koha) | |
| Koha-Medientyp | E-Books |
| Ausgeschieden | Verloren | Beschädigt | Nicht entleihbar | Heimatbibliothek | Aufenthaltsbibliothek | Aufstellungsort | Erwerbungsdatum | Inventarnummer | Signatur | Barcode | Letzte Aktivität | Preis gültig von | Koha-Medientyp |
|---|---|---|---|---|---|---|---|---|---|---|---|---|---|
| MWN Osteuropa | MWN Osteuropa | Online-Ressource | 05/06/2008 | 08-03764 Digiodß Repß | E-19-e0provisorisch | W 64 F c Alt | 37573 | 18/03/2021 | 22/03/2021 | E-Books |